000 00500nam a2200181Ia 4500
008 100917s9999 xx 000 0 und d
082 _b45583
100 _aब्रह्मांडकर उज्वल
245 _aजुगार
260 _bराजेश पॉकेट बुक्स
_c1981
300 _a132
365 _b10
520 _aकादंबरी
630 _aजुगार
650 _aकादंबरी
730 _aजुगार
942 _cBOOK
999 _c650977
_d650974